The story of Fredericksburg : its past, present, points of interest, and annual events /

Bibliographic Details
Main Author: Edwards, Walter F.
Format: Book
Language:English
Published: Fredericksburg, [Tex.] : Fredericksburg Chamber of Commerce, [1969]
Edition:3rd ed.
Subjects:

MARC

Tag First Indicator Second Indicator Subfields
LEADER 00000cam a2200000 4500
001 in00000754758
005 20151016090646.0
008 881005s1969 txua l00010 eng d
035 |a (OCoLC)18567678 
035 |9 ADH3522AM 
040 |a IUA  |c IUA  |d TXA  |d UtOrBLW 
043 |a n-us-tx 
049 |a TXAM  |c [A12645318] 
050 4 |a F394.F9  |b E33 1969 
100 1 |a Edwards, Walter F. 
245 1 4 |a The story of Fredericksburg :  |b its past, present, points of interest, and annual events /  |c compiled and edited by Walter F. Edwards. 
250 |a 3rd ed. 
264 1 |a Fredericksburg, [Tex.] :  |b Fredericksburg Chamber of Commerce,  |c [1969] 
264 4 |c ©1969 
300 |a 64 pages :  |b illustrations ;  |c 23 cm. 
336 |a text  |b txt  |2 rdacontent 
337 |a unmediated  |b n  |2 rdamedia 
338 |a volume  |b nc  |2 rdacarrier 
651 0 |a Fredericksburg (Tex.)  |x History. 
999 |a MARS 
999 f f |s 18efae0c-ee9b-39db-a7bd-05b94c1862ec  |i b997fc66-2f18-3663-8540-63f53cd27597  |t 0 
952 f f |p ric  |a Texas A&M University  |b Rellis Campus  |c Joint Library Facility  |d Remote Storage  |t 0  |e F394.F9 E33 1969  |h Library of Congress classification  |i unmediated -- volume  |m A14812645318 
998 f f |a F394.F9 E33 1969  |t 0  |l Remote Storage